000 00247nam a2200097Ia 4500
008 240331s9999 xx 000 0 und d
082 _a303.6
_bBAL
100 _aBalasuriya, Tissa
245 0 _aCatastrophe July 83 :
_bcan Sri Lanka Survive?
942 _cL
999 _c1238
_d1238